Estudi d'avaluació i propostes de millora dels circuits esportius de proximitat : documents electrònics a l’Administració / documents electrònics a l’Administració /
Descripción Física:
78 pàgines : il·lustracions en color, gràfics, taules ; 30 cm
Descripción:
"La implementació de Circuits esportius de proximitat a la província de Barcelona és un projecte de la Diputació de Barcelona en col·laboració amb diversos ens locals, per afavorir l'augment d espais actius destinats a fomentar la salut física i emocional, com també el benestar i la qualit...
Materias:
Esports -- Catalunya -- Barcelona (Província) -- Avaluació.
; Zones d'esbarjo -- Catalunya -- Barcelona (Província) -- Avaluació.
Idioma:
Catalán
MARC
| LEADER | 00000nam a2200000 i 4500 | ||
|---|---|---|---|
| 001 | 29031 | ||
| 003 | AGDB | ||
| 005 | 20260324181539.0 | ||
| 008 | 250807e202406 spc|||| ||||o0|0 0 cat| | ||
| 015 | |a LL2025 |2 bnc | ||
| 017 | |a B 13178-2024 |b Biblioteca de Catalunya | ||
| 040 | |a ES-BaBC |b cat |e rda |c ES-BaBC | ||
| 043 | |a e-sp--- |b e-spcb- |2 catmarc | ||
| 080 | |a 351.855 |x (460.23 Ba) |2 2004 | ||
| 080 | |a 379.83 |x (460.23 Ba) |2 2004 | ||
| 100 | 1 | |a Arias Secall, Cristina, |e autora | |
| 245 | 1 | 0 | |a Estudi d'avaluació i propostes de millora dels circuits esportius de proximitat : |b documents electrònics a l’Administració / |c redacció: Cristina Arias, Andrea Flores, Anabel Serrano ; direcció tècnica i coordinació: Diputació de Barcelona, Àrea d'Esports i Activitats Física, Oficina d’Equipaments Esportius |
| 250 | |a 1a edició : |b juny de 2024 | ||
| 264 | 1 | |a Barcelona : |b Diputació de Barcelona, |c 2024 | |
| 300 | |a 78 pàgines : |b il·lustracions en color, gràfics, taules ; |c 30 cm | ||
| 336 | |a text |b txt |2 rdacontent | ||
| 337 | |a sense mediació |b n |2 rdamedia | ||
| 338 | |a volum |b nc |2 rdacarrier | ||
| 490 | |a Col·lecció Eines. |a Sèrie Esports ; |v 6 | ||
| 520 | |a "La implementació de Circuits esportius de proximitat a la província de Barcelona és un projecte de la Diputació de Barcelona en col·laboració amb diversos ens locals, per afavorir l'augment d espais actius destinats a fomentar la salut física i emocional, com també el benestar i la qualitat de vida de la població. El propòsit de l'estudi que teniu a les mans ha estat valorar el funcionament d'aquells que s'han fet servir com a prova pilot del projecte, durant els anys 2022 i 2023, així com l'ús que se'n fa i les característiques que presenten, amb l'objectiu de verificar si s'ajusten a les necessitats dels habitants de cada municipi. També es presenten propostes de dinamització i millora per fer dels circuits uns espais esportius més fructífers i que serveixin per facilitar l'activitat física a la població. El nostre desig és que el present treball proporcioni eines als ens locals a l'hora de prendre decisions sobre la manera més adient de dissenyar, implementar i gestionar espais esportius a l'aire lliure en benefici de tota la ciutadania." -- Contracoberta | ||
| 650 | 7 | |a Esports |z Catalunya |z Barcelona (Província) |x Avaluació. |2 lemac | |
| 650 | 7 | |a Zones d'esbarjo |z Catalunya |z Barcelona (Província) |x Avaluació. |2 lemac | |
| 700 | 1 | |a Flores, Andrea, |e autora | |
| 700 | 1 | |a Serrano, Anabel, |e autora | |
| 710 | 1 | |a Barcelona (Catalunya : Província). |b Diputació. |e coordinació | |
| 830 | |a Eines (Barcelona (Catalunya : Província). Diputació) |9 54005 | ||
| 856 | 4 | 1 | |u https://llibreria.diba.cat/cat/llibre/estudi-d-avaluacio-i-propostes-de-millora-dels-circuits-esportius-de-proximitat_70812 |y Accés lliure (Llibreria de la Diputació de Barcelona) |
| 908 | |a BC | ||
| 940 | |a BC | ||
| 942 | |2 udc |c ARXIU |n 1 | ||
| 952 | |0 0 |1 0 |2 udc |4 0 |6 BIB1379 |7 1 |9 98642 |a Arxiu |b Arxiu |d 2025-11-13 |l 0 |o Bib-1379 |p 29031 |r 2025-11-13 11:49:16 |w 2025-11-13 |y ARXIU | ||
| 999 | |c 130383 |d 130383 | ||